header

International business environment (Record no. 84504)

MARC details
000 -LEADER
fixed length control field 01095nam a2200277 a 4500
100 1# - MAIN ENTRY--AUTHOR NAME
Personal name Subba Rao, P.
245 10 - TITLE STATEMENT
Title International business environment
250 ## - EDITION STATEMENT
Edition statement 2nd rev. ed.
260 ## - PUBLICATION, DISTRIBUTION, ETC. (IMPRINT)
Place of publication Mumbai [India] :
Name of publisher Himalaya Pub. House,
Year of publication 2010.
300 ## - PHYSICAL DESCRIPTION
Number of Pages 284 p. :
Other physical details ill.
650 #0 - SUBJECT ADDED ENTRY--TOPICAL TERM
Topical Term International business enterprises.
856 40 - ELECTRONIC LOCATION AND ACCESS
Uniform Resource Identifier http://site.ebrary.com/lib/rucke/Doc?id=10416174

No items available.

© 2026 Rongo University
Contact us: librarian | system librarian | Rongo university